000 00381nam a2200133Ia 4500
005 20260328101504.0
008 260328s9999||||xx |||||||||||||| ||und||
100 _aPérez Oyarzun, Fernando
245 0 _aChilean Modern Architecture since 1950 /
_cFernando Pérez Oyarzun
260 _bUniversity of Texas Press
300 _a174 p.
650 _aARQUITECTURA REGIONAL
942 _cBK
999 _c8981
_d8981